000 01330nam a22004457a 4500
003 OSt
005 20260420105515.0
007 ta
008 260420s2024 ag ||||| |||| 00| 0 spa d
020 _a9789878057941
040 _ccj catamarca
082 _a343.1 V836
100 1 0 _9314
_aVitale, Gustavo L.
245 1 0 _aLimites constitucionales al poder penal:
_bAcerca del proceso, del delito y de la pena
250 _a1º ed.
260 _aBuenos Aires:
_bHammurabi
_c2024
300 _a742 p.
_c23 cm
500 _aINVENTARIO Nº 8156
650 7 _2SAIJ
653 _aPROCESO PENAL
653 _aGARANTIAS PROCESALES
653 _aTEORIA DEL DELITO
653 _aDELITO-CONCEPTO
653 _aDELITO-TIPICIDAD
653 _aDELITO-LEGALIDAD
653 _aRESPONSABILIDAD PENAL PERSONAL
653 _aRESPONSABILIDAD PENAL-HECHO PROPIO
653 _aLESIVIDAD-PRINCIPIOS
653 _aOFENSIVIDAD-PRINCIPIOS
653 _aVICTIMA-CONSENTIMIENTO
653 _aRESPONSABILIDAD PENAL-SUBJETIVA
653 _aDOLO-CULPA
653 _aCULPA
653 _aCULPABILIDAD
653 _aPENA-LIMITES CONSTITUCIONALES
653 _aPENA-COMPUTO
653 _aSENTENCIAS-UNIFICACION
856 _uhttps://drive.google.com/file/d/1QRor3mcv_VzBhq81e0zh4EKEM60J0Xcz/view?usp=sharing
942 _2ddc
_cBK
_n0
999 _c6528
_d6528